<?xml version="1.0" encoding="UTF-8"?>
<record
    xmlns:xsi="http://www.w3.org/2001/XMLSchema-instance"
    xsi:schemaLocation="http://www.loc.gov/MARC21/slim http://www.loc.gov/standards/marcxml/schema/MARC21slim.xsd"
    xmlns="http://www.loc.gov/MARC21/slim">

  <leader>00962nam0a22002651  4500</leader>
  <controlfield tag="001">v19\rc\1850585</controlfield>
  <controlfield tag="005">20250619175319.0</controlfield>
  <datafield tag="035" ind1=" " ind2=" ">
    <subfield code="a">(NLR Aleph) 004986353</subfield>
  </datafield>
  <datafield tag="090" ind1=" " ind2=" ">
    <subfield code="a">6238630</subfield>
    <subfield code="c">6238630</subfield>
  </datafield>
  <datafield tag="100" ind1=" " ind2=" ">
    <subfield code="a">20080221d1909    |||y0rusy50      ca</subfield>
  </datafield>
  <datafield tag="101" ind1="0" ind2=" ">
    <subfield code="a">rus</subfield>
  </datafield>
  <datafield tag="102" ind1=" " ind2=" ">
    <subfield code="a">RU</subfield>
  </datafield>
  <datafield tag="105" ind1=" " ind2=" ">
    <subfield code="a">a   z   |||a|</subfield>
  </datafield>
  <datafield tag="200" ind1="1" ind2=" ">
    <subfield code="a">&#x41C;&#x430;&#x43B;&#x44B;&#x435; &#x434;&#x435;&#x442;&#x43A;&#x438; - &#x43C;&#x430;&#x43B;&#x44B;&#x435; &#x431;&#x435;&#x434;&#x43A;&#x438;</subfield>
    <subfield code="e">&#x420;&#x430;&#x441;&#x441;&#x43A;&#x430;&#x437;&#x44B; &#x434;&#x43B;&#x44F; &#x43C;&#x430;&#x43B;&#x44E;&#x442;&#x43E;&#x43A; &#x421;&#x43E;&#x444;&#x438;&#x438; &#x414;&#x435;&#x441;&#x442;&#x443;&#x43D;&#x438;&#x441;</subfield>
    <subfield code="f">&#x421; 12 &#x438;&#x43B;. &#x424;. &#x41B;&#x438;&#x43F;&#x43F;&#x441;&#x430;</subfield>
  </datafield>
  <datafield tag="205" ind1=" " ind2=" ">
    <subfield code="a">2-&#x435; &#x438;&#x437;&#x434;.</subfield>
  </datafield>
  <datafield tag="210" ind1=" " ind2=" ">
    <subfield code="a">&#x421;&#x430;&#x43D;&#x43A;&#x442;-&#x41F;&#x435;&#x442;&#x435;&#x440;&#x431;&#x443;&#x440;&#x433;</subfield>
    <subfield code="a">&#x41C;&#x43E;&#x441;&#x43A;&#x432;&#x430;</subfield>
    <subfield code="c">&#x442;-&#x432;&#x43E; &#x41C;.&#x41E;. &#x412;&#x43E;&#x43B;&#x44C;&#x444;</subfield>
    <subfield code="d">[1909]</subfield>
    <subfield code="e">&#x421;&#x430;&#x43D;&#x43A;&#x442;-&#x41F;&#x435;&#x442;&#x435;&#x440;&#x431;&#x443;&#x440;&#x433;</subfield>
  </datafield>
  <datafield tag="215" ind1=" " ind2=" ">
    <subfield code="a">[2], 55 &#x441;., 1 &#x43B;. &#x444;&#x440;&#x43E;&#x43D;&#x442;. (&#x438;&#x43B;.)</subfield>
    <subfield code="c">&#x438;&#x43B;.</subfield>
    <subfield code="d">20</subfield>
  </datafield>
  <datafield tag="700" ind1=" " ind2="1">
    <subfield code="6">z01790</subfield>
    <subfield code="a">&#x414;&#x435;&#x441;&#x442;&#x443;&#x43D;&#x438;&#x441;</subfield>
    <subfield code="b">&#x421;.&#x410;.</subfield>
    <subfield code="g">&#x421;&#x43E;&#x444;&#x44C;&#x44F; &#x410;.</subfield>
  </datafield>
  <datafield tag="702" ind1=" " ind2="1">
    <subfield code="a">&#x41B;&#x438;&#x43F;&#x43F;&#x441;</subfield>
    <subfield code="b">&#x424;.</subfield>
    <subfield code="4">440</subfield>
  </datafield>
  <datafield tag="790" ind1=" " ind2="1">
    <subfield code="6">z01700</subfield>
    <subfield code="a">&#x414;&#x435;&#x441;&#x442;&#x443;&#x43D;&#x438;&#x441;</subfield>
    <subfield code="b">&#x421;.</subfield>
    <subfield code="g">&#x421;&#x43E;&#x444;&#x438;&#x44F;</subfield>
  </datafield>
  <datafield tag="801" ind1=" " ind2="0">
    <subfield code="a">RU</subfield>
    <subfield code="b">NLR</subfield>
    <subfield code="g">psbo</subfield>
  </datafield>
  <datafield tag="801" ind1=" " ind2="1">
    <subfield code="a">RU</subfield>
    <subfield code="b">ProSoft-M</subfield>
    <subfield code="2">rusmarc</subfield>
  </datafield>
  <datafield tag="852" ind1=" " ind2=" ">
    <subfield code="a">NLR</subfield>
    <subfield code="j">18.275.5.193</subfield>
  </datafield>
  <datafield tag="942" ind1=" " ind2=" ">
    <subfield code="c">BOOK</subfield>
  </datafield>
  <datafield tag="980" ind1=" " ind2=" ">
    <subfield code="a">NB</subfield>
  </datafield>
  <datafield tag="995" ind1=" " ind2=" ">
    <subfield code="5">2013-10-26</subfield>
    <subfield code="b">NLR02</subfield>
    <subfield code="c">NLR02</subfield>
    <subfield code="e">RFS</subfield>
    <subfield code="f">4986353-10</subfield>
    <subfield code="k">18.275.5.193</subfield>
    <subfield code="o">0</subfield>
    <subfield code="r">BOOK</subfield>
    <subfield code="s">182755193_</subfield>
  </datafield>
</record>
